|
|
|
|
| LEADER |
00000cam a2200000 c 4500 |
| 001 |
025213695 |
| 003 |
DE-627 |
| 005 |
20260220183621.0 |
| 007 |
tu |
| 008 |
891024s1989 gw ||||| 00| ||ger c |
| 015 |
|
|
|a 89,A34,0302
|2 dnb
|
| 016 |
7 |
|
|a 891182799
|2 DE-101
|
| 020 |
|
|
|a 3805204906
|
| 035 |
|
|
|a (DE-627)025213695
|
| 035 |
|
|
|a (DE-576)019468911
|
| 035 |
|
|
|a (DE-599)GBV025213695
|
| 035 |
|
|
|a (OCoLC)26445560
|
| 035 |
|
|
|a (OCoLC)26445560
|
| 040 |
|
|
|a DE-627
|b ger
|c DE-627
|e rakwb
|
| 041 |
|
|
|a ger
|
| 044 |
|
|
|c XA-DE
|
| 084 |
|
|
|a POL 370
|2 sfb
|
| 084 |
|
|
|a R 506
|2 sfb
|
| 084 |
|
|
|a 16
|a 28
|2 sdnb
|
| 084 |
|
|
|a 3,6
|2 ssgn
|
| 084 |
|
|
|a 54.38
|2 bkl
|
| 084 |
|
|
|a 89.86
|2 bkl
|
| 245 |
0 |
0 |
|a Hacker für Moskau
|b deutsche Computer-Spione im Dienst des KGB
|c von Thomas Ammann, Matthias Lehnhardt, Gerd Meißner, Stephan Stahl
|
| 250 |
|
|
|a 1. Aufl.
|
| 263 |
|
|
|a kart. : DM 26.00
|
| 264 |
|
1 |
|a Reinbek bei Hamburg
|b Wunderlich
|c 1989
|
| 300 |
|
|
|a 216 S.
|b 22 cm
|
| 336 |
|
|
|a Text
|b txt
|2 rdacontent
|
| 337 |
|
|
|a ohne Hilfsmittel zu benutzen
|b n
|2 rdamedia
|
| 338 |
|
|
|a Band
|b nc
|2 rdacarrier
|
| 361 |
1 |
|
|a Bucharchiv des Rowohlt-Verlages
|5 DE-18
|y 4920613636
|s R/25759
|o Vorbesitz
|
| 583 |
1 |
|
|a Massenentsäuerung nicht möglich
|2 pdager
|5 DE-18
|
| 583 |
1 |
|
|a Archivierung/Langzeitarchivierung gewährleistet
|f SLG
|x XA-DE-BW
|z BfZ
|2 pdager
|5 DE-24
|
| 583 |
1 |
|
|a Archivierung prüfen
|c 20240324
|f DE-4165
|z 2
|2 pdager
|
| 650 |
|
4 |
|a Hacker
|
| 650 |
|
4 |
|a Spionage
|
| 689 |
0 |
0 |
|d s
|0 (DE-588)4113821-1
|0 (DE-627)105826642
|0 (DE-576)209479604
|a Hacker
|2 gnd
|
| 689 |
0 |
1 |
|d s
|0 (DE-588)4056287-6
|0 (DE-627)104713607
|0 (DE-576)209117214
|a Spionage
|2 gnd
|
| 689 |
0 |
|
|5 DE-101
|
| 700 |
1 |
|
|a Ammann, Thomas
|d 1956-
|0 (DE-588)1026375479
|0 (DE-627)726657123
|0 (DE-576)371712092
|4 oth
|
| 700 |
1 |
|
|a Lehnhardt, Matthias
|d 1949-
|0 (DE-588)1173722173
|0 (DE-627)1043572643
|0 (DE-576)515630926
|4 oth
|
| 700 |
1 |
|
|a Meissner, Gerd
|d 1960-
|0 (DE-588)11578277X
|0 (DE-627)077469070
|0 (DE-576)176444521
|4 oth
|
| 856 |
4 |
2 |
|u http://d-nb.info/891182799/04
|m B:DE-101
|q application/pdf
|3 Inhaltsverzeichnis
|7 1
|
| 936 |
b |
k |
|a 54.38
|j Computersicherheit
|0 (DE-627)106418866
|
| 936 |
b |
k |
|a 89.86
|j Nachrichtendienste
|j militärische Nachrichtendienste
|0 (DE-627)106413619
|
| 951 |
|
|
|a BO
|
| ELC |
|
|
|b 1
|
| LOK |
|
|
|0 000 xxxxxcx a22 zn 4500
|
| LOK |
|
|
|0 001 3332413813
|
| LOK |
|
|
|0 003 DE-627
|
| LOK |
|
|
|0 004 025213695
|
| LOK |
|
|
|0 005 20140122160636
|
| LOK |
|
|
|0 008 140122||||||||||||||||ger|||||||
|
| LOK |
|
|
|0 040
|a DE-21-110
|c DE-627
|d DE-21-110
|
| LOK |
|
|
|0 689
|a s
|a Computerspionage
|
| LOK |
|
|
|0 852
|z Kein Bestand am IfK; Nachweis für KrimDok
|
| LOK |
|
|
|0 852
|a DE-21-110
|
| LOK |
|
|
|0 852 1
|m v
|9 00
|
| LOK |
|
|
|0 935
|a k110
|
| LOK |
|
|
|0 938
|k v
|
| LOK |
|
|
|0 939
|a 22-01-14
|b l01
|
| ORI |
|
|
|a WA-MARC-krimdoka001.raw
|